[Event "Daventry 4NCL Easter op-B 2nd"]
[Site "Daventry"]
[Date "2022.04.17"]
[Round "5"]
[White "Gostelow, Luke"]
[Black "Ortiz Sanchez, Luis"]
[Result "0-1"]
[WhiteElo "1867"]
[BlackElo "1987"]
[PlyCount "136"]
[EventDate "2022.04.15"]
[EventType "swiss"]
[EventRounds "7"]
[EventCountry "ENG"]
[SourceTitle "CBM 207 Extra"]
[Source "ChessBase"]
[SourceDate "2022.05.31"]
[SourceVersion "1"]
[SourceVersionDate "2022.05.31"]
[SourceQuality "1"]

1. c4 e5 2. Nf3 e4 3. Nd4 Nf6 4. e3 Nc6 5. Nc3 Bb4 6. Qc2 Bxc3 7. Qxc3 0-0 8. Be2 Re8 9. 0-0 Ne7 10. b4 d6 11. h3 Ng6 12. Bb2 d5 13. f4 exf3 14. Nxf3 c6 15. Bd3 Qd6 16. Rf2 Qg3 17. Bxg6 hxg6 18. cxd5 Qxf2+ 19. Kxf2 Ne4+ 20. Ke2 Nxc3+ 21. Bxc3 cxd5 22. Rf1 Bd7 23. Nd4 a6 24. Nb3 Bb5+ 25. d3 Rac8 26. Kd2 Re7 27. Nd4 Ba4 28. Nf3 f6 29. Nh4 Kf7 30. Nf3 Rec7 31. Rc1 Bd7 32. Nd4 g5 33. Ne2 Rh8 34. Rh1 Rcc8 35. Bd4 Rh7 36. a3 Rch8 37. Rf1 g4 38. Nf4 gxh3 39. gxh3 Be6 40. Rc1 Rd8 41. Rf1 Bxh3 42. Rh1 Bf5 43. Rf1 Rh2+ 44. Kc3 Bh3 45. Rf3 Bg4 46. Rg3 Bd1 47. Bc5 g5 48. Ng2 Rdh8 49. e4 dxe4 50. dxe4 R8h3 51. Rxh3 Rxh3+ 52. Ne3 Ba4 53. Kd4 Bb5 54. e5 Ke6 55. exf6 Kxf6 56. Bd6 Ke6 57. Bc5 Rh4+ 58. Kc3 g4 59. Ng2 Rh3+ 60. Kd4 Rxa3 61. Ne3 Be2 62. Ke4 Bf3+ 63. Kf4 Rc3 64. Bb6 Kd7 65. Ba5 Rc1 66. Nxg4 Bxg4 67. Kxg4 Kc6 68. Bd8 Rc4+ 0-1